ბათუმის შოთა რუსთაველის სახელმწიფო უნივერსიტეტის ბიბლიოთეკა

საცხოვრებელი და სამეურნეო ნაგებობანი აჭარაში : (ბიბ.ჩანაწერი № 38281)

000 -ლიდერი
ფიქსირებული სიგრძის საკონტროლო ველი 01137nam a2200229Ia 4500
001 - საკონტროლო ნომერი
საკონტროლო ველი 4289
003 - საკონტროლო ნომრის იდენტიფიკატორი
საკონტროლო ველი GE_BSU
005 - ბოლო ოპერაციის თარიღი და დრო
საკონტროლო ველი 20191008125349.0
008 - ფიქსირებული სიგრძის მონაცემთა ელემენტები - ზოგადი ინფორმაცია
ფიქსირებული სიგრძის საკონტროლო ველი 181216s1982||||ge |||||||||||||| ||geo||
040 ## - კატალოგიზაციის წყარო
Transcribing agency GE_BSU
041 ## - ენის კოდი
Language code of text/sound track or separate title geo
080 ## - უნივერსალური ათობითი კლასიფიკაციის ინდექსი
Universal Decimal Classification number 392(479.223)+ 728.6(479.223) +728.9(479.22) მ–74
100 ## - მთავარი ჩანაწერი - პიროვნების სახელი
Personal name მიქელაძე, ჯემალ
9 (RLIN) 4616
245 ## - ცნობა სათაურის შესახებ
Title საცხოვრებელი და სამეურნეო ნაგებობანი აჭარაში :
Remainder of title ეთნოგრაფიული თვალსაზრისით /
Statement of responsibility, etc რედ.: ალ. რობაქიძე.
264 ## - წარმოების, გამოცემის, დისტრიბუციის და სხვა ცნობები
გამოცემის, წარმოების, დისტრიბუციის... ადგილი ბათუმი :
გამოცემის, წარმოების, დისტრიბუციის... სახელწოდება საბჭ. აჭარა,
გამოცემის, წარმოების, დისტრიბუციის... თარიღი 1982.
300 ## - ფიზიკური აღწერა
Extent 74 გვ.:
Other physical details ილ. ;
Dimensions 22 სმ.
653 ## - INDEX TERM--UNCONTROLLED
Uncontrolled term საცხოვრებელი ნაგებობები აჭარაში;
653 ## - INDEX TERM--UNCONTROLLED
Uncontrolled term სამეურნეო ნაგებობები აჭარაში;
653 ## - INDEX TERM--UNCONTROLLED
Uncontrolled term აჭარლების ეთნოგრაფია;
700 ## - ADDED ENTRY--PERSONAL NAME
Personal name რობაქიძე, ალ.
Relator term რედაქტორი
9 (RLIN) 4617
942 ## - ADDED ENTRY ELEMENTS (KOHA)
Koha item type წიგნი
Source of classification or shelving scheme
ეგზემპლარები
ჩამოწერის სტატუსი დაკარგული ეგზემპლარის სტატუსი კლასიფიკაციის წყარო ან თაროზე გაწყობის სქემა დაზიანების სტატუსი არ გაიცემა მუდმივი მდებარეობა (დაცვის ადგილი) ამჟამინდელი ადგილსამყოფელი თაროზე განთავსების ადგილი შეძენის თარიღი ღირებულება, შესყიდვის ნორმალური ფასი სრული შენახვის შიფრი შტრიხკოდი ბოლო ოპერაციის თარიღი ეგზემპლარის მიმდევრობითი ნომერი (კეტერი?) ფასის ძალაში შესვლის თარიღი ეგზემპლარის სახეობა საჯარო შენიშვნა
          ბათუმის შოთა რუსთაველის სახელმწიფო უნივერსიტეტის მთავარი ბიბლიოთეკა ბათუმის შოთა რუსთაველის სახელმწიფო უნივერსიტეტის მთავარი ბიბლიოთეკა წიგნსაცავი 2018-12-17 2.00 392(479.223)+ 728.6(479.223) +728.9(479.22) მ–74 5933 2018-12-17 5933 2018-12-17 წიგნი 2 ლ.
          ბათუმის შოთა რუსთაველის სახელმწიფო უნივერსიტეტის მთავარი ბიბლიოთეკა ბათუმის შოთა რუსთაველის სახელმწიფო უნივერსიტეტის მთავარი ბიბლიოთეკა წიგნსაცავი 2018-12-17 2.00 392(479.223)+ 728.6(479.223) +728.9(479.22) მ–74 5928 2018-12-17 5928 2018-12-17 წიგნი 2 ლ.